000 00680nam a2200277Ia 4500
008 210210b2011 xxu||||| |||| 00| 0 eng d
020 _a9789380138541
041 _aeng
082 _a581.634 SRIM
100 _aSRIVASTAVA (A K)
245 _aMedicinal plants biodiversity, conservation and traditional knowledge Vol III
260 _aDelhi
_bSwastik Publications
_c2011
300 _aviii,537-776
440 _a3
650 _aVol
650 _atraditional
650 _aplants
650 _aMedicinal
650 _aknowledge
650 _aIII
650 _aconservation
650 _abiodiversity,
650 _aand
690 _aBotany
906 _a065950
999 _c147322
_d147322